[Event "50th World Juniors"]
[Site "Chennai IND"]
[Date "2011.08.04"]
[Round "3.4"]
[White "Stany, G.A."]
[Black "Rasulov, Vugar Ural oglu"]
[Result "1/2-1/2"]
[BlackTitle "GM"]
[WhiteElo "2435"]
[BlackElo "2522"]
[WhiteFideId "5029104"]
[BlackFideId "13402390"]
[EventDate "2011.08.02"]

1. e4 c5 2. Nf3 e6 3. b3 d6 4. Bb2 Nf6 5. e5 dxe5 6. Nxe5 a6 7. Qf3 Be7 8. Nc3
Qc7 9. Ne4 O-O 10. Bd3 Nd5 11. Qg3 f5 12. Nc6 Bd8 13. Nxd8 Qxg3 14. Nxg3 Rxd8
15. a3 a5 16. O-O Nc6 17. Rfe1 Kf7 18. Rad1 a4 19. bxa4 Nb6 20. Rb1 Nxa4 21. Ba1
g6 22. Nf1 b6 23. Ne3 Na5 24. Bb5 Bd7 25. Bxa4 Bxa4 26. Rxb6 Rxd2 27. Bc3 Rdd8
28. Bxa5 Rxa5 29. Nc4 Ra7 30. Rbxe6 Bxc2 31. Rc6 Re7 32. Rc1 1/2-1/2

[Event "50th World Juniors"]
[Site "Chennai IND"]
[Date "2011.08.04"]
[Round "3.5"]
[White "Petrisor, Adrian-Marian"]
[Black "Huschenbeth, Niclas"]
[Result "1/2-1/2"]
[WhiteTitle "FM"]
[BlackTitle "IM"]
[WhiteElo "2408"]
[BlackElo "2521"]
[WhiteFideId "1213741"]
[BlackFideId "24604747"]
[EventDate "2011.08.02"]

1. d4 d5 2. c4 c6 3. Nf3 e6 4. Qc2 Nf6 5. Bg5 h6 6. Bh4 Qa5+ 7. Nbd2 Ne4 8. Bg3
g5 9. Kd1 Nxg3 10. hxg3 Bg7 11. e3 Na6 12. Bd3 Qd8 13. a3 g4 14. Ng1 Qf6 15. Ke1
O-O 16. Ne2 c5 17. cxd5 cxd4 18. Nxd4 exd5 19. Rh5 Be6 20. Kf1 Rac8 21. Qd1 Nc5
22. Bb1 Nd7 23. Kg1 Ne5 24. Nf1 Rc7 25. Nh2 Rfc8 26. Bf5 Bxf5 27. Rxf5 Qg6 28.
Rf4 h5 29. Nf5 Qe6 30. Nf1 Ng6 31. Nxg7 Kxg7 32. Rd4 Ne7 33. Qb3 b6 34. Rad1 Rc2
35. R1d2 Rc1 36. Rd1 R1c2 37. R1d2 Rc1 38. Rd1 Qg6 39. Rxc1 Rxc1 40. Rd3 Qc6 41.
Rc3 Rxc3 42. bxc3 Qc4 43. Qb2 f6 44. Nd2 Qe2 45. Qb4 Nf5 46. e4 dxe4 47. Nxe4 a5
48. Qb1 b5 49. Kh2 Ne7 50. Nd6 Qxf2 51. Qe4 Qa7 52. Qe6 Ng8 53. Ne8+ Kh8 54.
Nxf6 Nxf6 55. Qxf6+ Qg7 56. Qd8+ Kh7 57. Qxa5 Qe5 58. Qb4 Kg6 59. Qb1+ Qf5 60.
Qe1 Qd7 61. Qe4+ Kf6 62. Qf4+ Ke6 63. Qh6+ Ke7 64. Qg7+ Ke6 65. Qg8+ Ke7 66. Qb3
Kf6 67. Qb2 Ke6 68. Qa2+ Ke7 69. Qc2 Qa7 70. Qe2+ Kf7 1/2-1/2

[Event "50th World Juniors"]
[Site "Chennai IND"]
[Date "2011.08.04"]
[Round "3.6"]
[White "Piorun, Kacper"]
[Black "Petenyi, Tamas"]
[Result "1-0"]
[WhiteTitle "IM"]
[BlackTitle "FM"]
[WhiteElo "2514"]
[BlackElo "2398"]
[WhiteFideId "1130420"]
[BlackFideId "14909090"]
[EventDate "2011.08.02"]

1. d4 d5 2. c4 e6 3. cxd5 exd5 4. Nc3 Nf6 5. Bg5 Be7 6. Qc2 c6 7. e3 Nbd7 8. Bd3
Nh5 9. Bxe7 Qxe7 10. Nge2 g6 11. O-O O-O 12. Rab1 Ng7 13. Rfe1 Nf6 14. Ng3 h5
15. f3 h4 16. Nf1 Be6 17. Qf2 Nfh5 18. Nd2 Rad8 19. Rbd1 g5 20. e4 Qf6 21. Bf1
Qh6 22. exd5 cxd5 23. Nb3 b6 24. Nc1 Nf4 25. Nd3 Nxd3 26. Rxd3 Nf5 27. Re5 Rfe8
28. Qe1 Rf8 29. Rd1 Qf6 30. Qd2 Rfe8 31. Rde1 Kf8 32. Nb5 Bd7 33. Qb4+ Kg7 34.
Nc7 Rxe5 35. Rxe5 Be6 36. Bd3 Ne7 37. Qd2 Nc6 38. Rxg5+ Kf8 39. Nxe6+ fxe6 40.
Rg4 Ke7 41. Bb5 Kd6 42. Qc3 Rc8 43. Qa3+ Kc7 44. Bxc6 Kxc6 45. Qxa7 Qh6 46. h3
Rc7 47. Qa8+ Kb5 48. b3 Rc1+ 49. Kh2 Kb4 50. Qd8 Qe3 51. Qxh4 Qg1+ 52. Kg3 Qe1+
53. Kf4 Qd2+ 54. Ke5 Qe3+ 55. Kf6 Rc6 56. Qg5 e5+ 57. Kf5 Qd3+ 58. Kxe5 Qe2+ 59.
Kf4 Ka3 60. Qxd5 Rc2 61. Qe4 Qd2+ 62. Qe3 Qb4 63. Kg3 Qd6+ 64. Qe5 Qh6 65. d5
Kxa2 66. Kh2 Qd2 67. d6 Rc5 68. Qd4 Rd5 69. Qxd2+ Rxd2 70. b4 Rxd6 71. h4 b5 72.
h5 1-0

[Event "50th World Juniors"]
[Site "Chennai IND"]
[Date "2011.08.04"]
[Round "3.7"]
[White "Getz, Nicolai"]
[Black "Grover, Sahaj"]
[Result "1/2-1/2"]
[WhiteTitle "FM"]
[BlackTitle "IM"]
[WhiteElo "2385"]
[BlackElo "2496"]
[WhiteFideId "1505572"]
[BlackFideId "5021103"]
[EventDate "2011.08.02"]

1. d4 d5 2. c4 c6 3. Nf3 Nf6 4. e3 Bg4 5. h3 Bxf3 6. Qxf3 e6 7. Nc3 Nbd7 8. cxd5
exd5 9. Bd3 Bd6 10. O-O O-O 11. Bd2 Re8 12. Rfe1 Nf8 13. e4 dxe4 14. Nxe4 Nxe4
15. Bxe4 Bc7 16. Bc3 Ne6 17. Bc2 Qd6 18. g3 Nxd4 19. Bxh7+ Kxh7 20. Qd3+ Qg6 21.
Qxg6+ Kxg6 22. Bxd4 Bb6 23. Bc3 Rad8 24. Kg2 f6 25. h4 Kf7 26. Rxe8 Rxe8 27. Kf3
Rd8 28. Re1 Bc5 29. Re2 Rd3+ 30. Kg2 b5 31. Re4 1/2-1/2

[Event "50th World Juniors"]
[Site "Chennai IND"]
[Date "2011.08.04"]
[Round "3.9"]
[White "Debashis, Das"]
[Black "Matlakov, Maxim"]
[Result "1/2-1/2"]
[WhiteTitle "IM"]
[BlackTitle "GM"]
[WhiteElo "2396"]
[BlackElo "2632"]
[WhiteFideId "5024854"]
[BlackFideId "4168003"]
[EventDate "2011.08.02"]

1. d4 Nf6 2. c4 c5 3. d5 e5 4. Nc3 d6 5. e4 Nbd7 6. g3 Be7 7. Bg2 O-O 8. Nge2
Ne8 9. O-O g6 10. Be3 Ng7 11. Qd2 f5 12. f3 Nf6 13. Kh1 a6 14. f4 Rb8 15. exf5
gxf5 16. fxe5 dxe5 17. Rad1 Bd6 18. a4 Qe8 19. Bg5 Qg6 20. Ng1 Ng4 21. Nf3 h6
22. Be3 Nxe3 23. Qxe3 e4 24. Nh4 Qg5 25. Qf2 Bd7 26. Bh3 b6 27. b3 Rbe8 28. Rde1
Kh7 29. Ne2 Qd2 30. Nf4 e3 31. Qf3 Re4 32. Re2 Qd4 33. Nh5 Rxh4 34. gxh4 Nxh5
35. Qxh5 Bc8 36. Rg1 Qe4+ 37. Bg2 Qe8 38. Qxe8 Rxe8 39. Bf3 f4 40. Reg2 Bf5 41.
Rg7+ Kh8 42. Rf7 Rf8 43. Rb7 Rb8 44. Rf7 Rf8 45. Rb7 Rb8 46. Rf7 1/2-1/2

[Event "50th World Juniors"]
[Site "Chennai IND"]
[Date "2011.08.04"]
[Round "3.11"]
[White "Swiercz, Dariusz"]
[Black "Firat, Burak"]
[Result "1-0"]
[WhiteTitle "GM"]
[BlackTitle "IM"]
[WhiteElo "2553"]
[BlackElo "2373"]
[WhiteFideId "1126881"]
[BlackFideId "6305881"]
[EventDate "2011.08.02"]

1. e4 e6 2. d4 d5 3. Nc3 Bb4 4. e5 c5 5. a3 Bxc3+ 6. bxc3 Ne7 7. Nf3 Qc7 8. a4
b6 9. Bb5+ Bd7 10. O-O Bxb5 11. axb5 a5 12. dxc5 bxc5 13. c4 O-O 14. cxd5 Nxd5
15. c4 Nb4 16. Bg5 Re8 17. Qe2 Nd7 18. Ra3 h6 19. Bh4 Nf8 20. Rd1 Ng6 21. Rd6
Nxh4 22. Nxh4 Red8 23. Qd2 Kf8 24. Ra1 a4 25. f4 Ke7 26. Rd1 a3 27. f5 g5 28.
fxe6 fxe6 29. Ng6+ Kf7 30. Rxd8 Rxd8 31. Qxd8 Qxd8 32. Rxd8 Kxg6 33. Ra8 1-0

[Event "50th World Juniors"]
[Site "Chennai IND"]
[Date "2011.08.04"]
[Round "3.12"]
[White "Sethuraman, S.P."]
[Black "Narayanan, Srinath"]
[Result "1/2-1/2"]
[WhiteTitle "GM"]
[BlackTitle "IM"]
[WhiteElo "2529"]
[BlackElo "2371"]
[WhiteFideId "5021596"]
[BlackFideId "5018420"]
[EventDate "2011.08.02"]

1. d4 Nf6 2. c4 e6 3. Nf3 b6 4. g3 Ba6 5. b3 Bb4+ 6. Bd2 Be7 7. Bg2 c6 8. O-O
O-O 9. Qc2 d5 10. Rd1 Nbd7 11. Bf4 Rc8 12. Nc3 Qe8 13. e4 dxc4 14. Nd2 e5 15.
dxe5 Ng4 16. Bh3 Ndxe5 17. Nxc4 Bxc4 18. Bxe5 Be6 19. Bxg4 Bxg4 20. Rd3 Rd8 21.
Kg2 Rxd3 22. Qxd3 Qc8 23. f3 Bh3+ 24. Kh1 Rd8 25. Qe2 Qe6 26. Bf4 Qf6 27. Rc1
Qd4 28. Be3 Qd3 29. Kg1 Bf6 30. Qxd3 Rxd3 31. Nd1 Bc8 32. Kf2 Ba6 33. f4 Bd4 34.
Bxd4 Rxd4 35. Nc3 Rd2+ 36. Kg1 Kf8 37. e5 c5 38. Rd1 Rc2 39. Rd8+ Ke7 40. Ra8
Rc1+ 41. Kf2 Rc2+ 42. Ke1 Ke6 43. Rxa7 Bd3 44. Rb7 b5 45. Nxb5 Rxa2 46. Rb6+ Kf5
47. Nd6+ Kg4 48. Kd1 Kf3 49. Rc6 Bc2+ 50. Kc1 Bxb3 51. Rxc5 Kg4 52. Rc3 Bd5 53.
Rd3 Be6 54. Rd4 Rxh2 55. f5+ Kxg3 56. fxe6 fxe6 57. Kd1 h5 58. Ne8 Rh4 59. Rd7
Re4 60. Rxg7+ Kf4 61. Nf6 1/2-1/2

[Event "50th World Juniors"]
[Site "Chennai IND"]
[Date "2011.08.04"]
[Round "3.13"]
[White "Martinovic, Sasa"]
[Black "Ly, Moulthun"]
[Result "1-0"]
[WhiteTitle "GM"]
[BlackTitle "FM"]
[WhiteElo "2521"]
[BlackElo "2369"]
[WhiteFideId "14509792"]
[BlackFideId "3204405"]
[EventDate "2011.08.02"]

1. d4 Nf6 2. c4 g6 3. Nc3 Bg7 4. e4 d6 5. Nf3 O-O 6. h3 c6 7. Be3 a6 8. c5 d5 9.
e5 Ne8 10. Bd3 f6 11. Qc2 Be6 12. O-O-O Nd7 13. exf6 exf6 14. Ne2 Bf7 15. g4 b6
16. h4 bxc5 17. h5 f5 18. gxf5 c4 19. fxg6 cxd3 20. gxh7+ Kh8 21. Qxd3 Nd6 22.
Nh4 Bf6 23. Ng6+ Bxg6 24. hxg6 Bg7 25. Nf4 Rxf4 26. Bxf4 Qf6 27. Bh6 Ne4 28.
Bxg7+ Qxg7 29. Qc2 Rf8 30. f3 Nd6 31. Kb1 Nc4 32. Ka1 Rf4 33. Rhe1 Nf8 34. Re8
Nd6 35. Rd8 Nb7 36. Rb8 Rxf3 37. Qxc6 Qxd4 38. g7+ 1-0

[Event "50th World Juniors"]
[Site "Chennai IND"]
[Date "2011.08.04"]
[Round "3.14"]
[White "Durarbeyli, Vasif"]
[Black "Nitin, S."]
[Result "1/2-1/2"]
[WhiteTitle "GM"]
[BlackTitle "IM"]
[WhiteElo "2515"]
[BlackElo "2365"]
[WhiteFideId "13402935"]
[BlackFideId "5018277"]
[EventDate "2011.08.02"]

1. e4 c5 2. Nf3 e6 3. d4 cxd4 4. Nxd4 a6 5. Bd3 Nf6 6. O-O d6 7. c4 b6 8. Nc3
Bb7 9. b3 g6 10. Ba3 Nbd7 11. Bc2 Rc8 12. Qd2 Nc5 13. Rad1 Qc7 14. Rfe1 Be7 15.
Qh6 Bf8 16. Qh3 Be7 17. Qh6 Bf8 18. Qh3 Be7 19. Bc1 O-O 20. Bh6 Rfe8 21. Re3 Bf8
22. Bxf8 Rxf8 23. Qh4 Ncd7 24. Red3 Kg7 25. Nf3 Ne8 26. Bb1 Qc5 27. Na4 Qa5 28.
Qe7 Rc7 29. Qh4 b5 30. Nb2 Qa3 31. R3d2 h6 32. Qf4 e5 33. Qe3 Qc5 34. Qe2 Qb6
35. Qe1 1/2-1/2

[Event "50th World Juniors"]
[Site "Chennai IND"]
[Date "2011.08.04"]
[Round "3.15"]
[White "Janev, Tihomir"]
[Black "Cori, Jorge"]
[Result "1-0"]
[BlackTitle "GM"]
[WhiteElo "2349"]
[BlackElo "2514"]
[WhiteFideId "2910110"]
[BlackFideId "3802272"]
[EventDate "2011.08.02"]

1. d4 d5 2. c4 c6 3. Nf3 Nf6 4. e3 Bf5 5. Nc3 e6 6. Nh4 Bg6 7. Qb3 b6 8. g3 Nbd7
9. Nxg6 hxg6 10. Bg2 Rc8 11. O-O Be7 12. cxd5 exd5 13. f3 Nf8 14. Qa4 a5 15. e4
Ne6 16. e5 Nd7 17. Be3 b5 18. Qd1 Nb6 19. b3 Qd7 20. f4 c5 21. Ne2 O-O 22. g4
cxd4 23. Nxd4 Bc5 24. f5 Nxd4 25. Bxd4 Qe7 26. Kh1 Rfe8 27. e6 fxe6 28. f6 gxf6
29. Bxf6 Qh7 30. Rf3 Nd7 31. Rh3 Qxh3 32. Bxh3 Nxf6 33. Bg2 Kg7 34. h3 Be3 35.
Qd3 d4 36. Qxb5 g5 37. Qe5 Rcd8 38. Rf1 Rf8 39. Qxe6 Rde8 40. Qf5 Re7 41. a3 Rd8
42. Qc5 Ree8 43. Qc7+ Kg6 44. Be4+ 1-0

[Event "50th World Juniors"]
[Site "Chennai IND"]
[Date "2011.08.04"]
[Round "3.16"]
[White "Lalith, Babu M.R."]
[Black "Narayanan, S.L"]
[Result "1-0"]
[WhiteTitle "IM"]
[WhiteElo "2495"]
[BlackElo "2233"]
[WhiteFideId "5024595"]
[BlackFideId "5058422"]
[EventDate "2011.08.02"]

1. Nf3 g6 2. c4 Bg7 3. d4 f5 4. g3 Nf6 5. Bg2 O-O 6. O-O d6 7. Nc3 Nc6 8. d5 Na5
9. Qa4 c5 10. Nd2 Bd7 11. Qc2 a6 12. Qd3 b5 13. Rb1 Ng4 14. cxb5 axb5 15. b4 Ne5
16. Qc2 cxb4 17. Rxb4 Qc7 18. Ndb1 Rfc8 19. Qd1 Qc5 20. a3 Ng4 21. h3 Nf6 22.
Be3 Qc7 23. Nxb5 Qd8 24. Na7 Rc7 25. Nc6 Nxc6 26. dxc6 Rxc6 27. Bxc6 Bxc6 28.
Qb3+ Bd5 29. Qd3 Qd7 30. Bg5 Be4 31. Qd2 Rf8 32. Nc3 Ba8 33. Bxf6 Bxf6 34. Nd5
f4 35. Nxf6+ exf6 36. Qxf4 Qxh3 37. f3 Qe6 38. Rb2 g5 39. Qd4 Kg7 40. Rd1 Rd8
41. Rc1 Rd7 42. Rbc2 1-0

[Event "50th World Juniors"]
[Site "Chennai IND"]
[Date "2011.08.04"]
[Round "3.17"]
[White "Kuchynka, Lukas"]
[Black "Salem, A.R. Saleh"]
[Result "1-0"]
[WhiteTitle "FM"]
[BlackTitle "GM"]
[WhiteElo "2339"]
[BlackElo "2493"]
[WhiteFideId "325058"]
[BlackFideId "9301348"]
[EventDate "2011.08.02"]

1. d4 Nf6 2. c4 g6 3. g3 Bg7 4. Bg2 d5 5. cxd5 Nxd5 6. Nf3 Nb6 7. Nc3 Nc6 8. e3
O-O 9. O-O Re8 10. Qe2 e5 11. Nxe5 Nxe5 12. dxe5 Bxe5 13. e4 Be6 14. Rd1 Qe7 15.
f4 Bxc3 16. bxc3 Bd5 17. Rd4 Bc6 18. Be3 Qa3 19. f5 Qxc3 20. Rad1 Bb5 21. Qf2 c5
22. Rc1 cxd4 23. Rxc3 dxc3 24. f6 Rac8 25. Qf4 Kh8 26. e5 Bd7 27. Be4 c2 28.
Bxg6 fxg6 29. f7 Nd5 30. e6 c1=Q+ 31. Bxc1 1-0

[Event "50th World Juniors"]
[Site "Chennai IND"]
[Date "2011.08.04"]
[Round "3.18"]
[White "Patil, Pratik"]
[Black "Roganovic, Milos"]
[Result "0-1"]
[BlackTitle "IM"]
[WhiteElo "2141"]
[BlackElo "2476"]
[WhiteFideId "5038758"]
[BlackFideId "937614"]
[EventDate "2011.08.02"]

1. e4 c5 2. c3 b6 3. d4 Bb7 4. Bd3 Nf6 5. f3 g6 6. Ne2 Bg7 7. O-O O-O 8. Be3 d6
9. Nd2 Nc6 10. Rc1 a6 11. Kh1 Rc8 12. f4 cxd4 13. cxd4 e6 14. Bg1 Nb4 15. Bb1
Rxc1 16. Qxc1 Qa8 17. a3 Nc6 18. Nc3 b5 19. Nf3 Na5 20. e5 Nh5 21. Ne2 Bh6 22.
exd6 Rc8 23. Qe1 Nc4 24. d7 Rd8 25. Qf2 Rxd7 26. Ne5 Nxe5 27. fxe5 Be3 0-1

[Event "50th World Juniors"]
[Site "Chennai IND"]
[Date "2011.08.04"]
[Round "3.19"]
[White "Sapozhnikov, Roman"]
[Black "Urkedal, Frode"]
[Result "0-1"]
[WhiteTitle "FM"]
[BlackTitle "IM"]
[WhiteElo "2295"]
[BlackElo "2448"]
[WhiteFideId "2601842"]
[BlackFideId "1506102"]
[EventDate "2011.08.02"]

1. e4 e5 2. Nf3 Nc6 3. Bb5 a6 4. Ba4 Nf6 5. O-O Be7 6. Re1 b5 7. Bb3 d6 8. c3
O-O 9. d4 Bg4 10. Be3 Bh5 11. h3 Na5 12. Bc2 Nc4 13. Bc1 exd4 14. cxd4 d5 15. e5
Ne4 16. Bxe4 dxe4 17. Rxe4 f6 18. e6 Re8 19. Re1 Bb4 20. Nc3 Qd6 21. Qe2 Re7 22.
Qe4 Rae8 23. Bf4 Qxe6 24. Qxe6+ Rxe6 25. Rxe6 Rxe6 26. Nd5 Bd6 27. b3 Nb6 28.
Nxc7 Bxc7 29. Bxc7 Nd5 30. g4 Bxg4 31. hxg4 Nxc7 32. Rc1 Nd5 33. Rc5 Nf4 34. d5
Rd6 35. Rc6 Rxd5 36. Rxa6 Rd1+ 37. Kh2 Rd3 38. Kg3 Ne2+ 39. Kg2 b4 40. Ne1 Nf4+
41. Kf1 Rd2 42. Rc6 Rxa2 43. Rc4 g5 44. Rxb4 Nh3 45. Nd3 Rd2 46. Rd4 Nxf2 47.
Rd8+ Kg7 48. Rd7+ Kh6 49. Ne5 Rxd7 50. Nxd7 Nxg4 51. b4 Ne3+ 52. Kg1 Kg6 53. b5
Nc4 54. b6 Na5 55. Nc5 h5 56. b7 Nc6 57. Na6 Kf5 58. b8=Q Nxb8 59. Nxb8 g4 60.
Nd7 h4 61. Kg2 Kg5 62. Nf8 Kf5 63. Kf2 Ke4 64. Ng6 h3 65. Kg3 f5 66. Nh4 f4+ 67.
Kh2 Ke3 68. Ng6 Ke4 69. Nh4 Ke5 70. Ng6+ 0-1

[Event "50th World Juniors"]
[Site "Chennai IND"]
[Date "2011.08.04"]
[Round "3.21"]
[White "Shyam, Nikil P."]
[Black "Abhishek, Kelkar"]
[Result "1/2-1/2"]
[WhiteTitle "IM"]
[WhiteElo "2398"]
[BlackElo "2197"]
[WhiteFideId "5024218"]
[BlackFideId "5019257"]
[EventDate "2011.08.02"]

1. e4 c5 2. Nf3 e6 3. d4 cxd4 4. Nxd4 a6 5. Bd3 Ne7 6. O-O Nbc6 7. Nb3 Ng6 8. f4
d6 9. N1d2 Be7 10. a4 O-O 11. Kh1 b6 12. Nc4 Rb8 13. Qe2 Bf6 14. Ne3 e5 15. f5
Nf4 16. Qd1 Nb4 17. Be2 Nxe2 18. Qxe2 a5 19. Rd1 Ba6 20. Qf3 1/2-1/2

[Event "50th World Juniors"]
[Site "Chennai IND"]
[Date "2011.08.04"]
[Round "3.23"]
[White "Shimanov, Aleksandr"]
[Black "Hemant, Sharma"]
[Result "1-0"]
[WhiteTitle "GM"]
[WhiteElo "2586"]
[BlackElo "2247"]
[WhiteFideId "4198603"]
[BlackFideId "5025842"]
[EventDate "2011.08.02"]

1. d4 d5 2. c4 e6 3. Nc3 Nf6 4. Bf4 Be7 5. e3 O-O 6. a3 a6 7. c5 b6 8. b4 Ne4 9.
Qc2 Nxc3 10. Qxc3 a5 11. Nf3 c6 12. Ne5 f6 13. Nd3 Nd7 14. Be2 Ba6 15. Bg3 Bxd3
16. Bxd3 axb4 17. axb4 Rxa1+ 18. Qxa1 Qa8 19. O-O b5 20. e4 g6 21. Qb2 dxe4 22.
Bxe4 f5 23. Bf3 f4 24. Qb3 fxg3 25. Qxe6+ Kg7 26. Qxe7+ Rf7 27. Qe3 gxf2+ 28.
Rxf2 Nf6 29. h3 Qa1+ 30. Rf1 Qa8 31. Qe5 Kg8 32. Qd6 Nd5 33. Bxd5 cxd5 34. Qe6 1-0

[Event "50th World Juniors"]
[Site "Chennai IND"]
[Date "2011.08.04"]
[Round "3.24"]
[White "Gagare, Shardul"]
[Black "Hovhannisyan, Robert"]
[Result "0-1"]
[WhiteTitle "FM"]
[BlackTitle "GM"]
[WhiteElo "2223"]
[BlackElo "2556"]
[WhiteFideId "5037883"]
[BlackFideId "13302507"]
[EventDate "2011.08.02"]

1. c4 Nf6 2. g3 c6 3. Bg2 d5 4. Nf3 Bg4 5. O-O Nbd7 6. cxd5 cxd5 7. d4 e6 8. Bf4
Be7 9. Nc3 a6 10. Qb3 b5 11. a3 O-O 12. Rac1 Rc8 13. h3 Bh5 14. Na2 Rc4 15. g4
Bg6 16. Nd2 Rxd4 17. Be3 Ra4 18. Nb4 Bxb4 19. axb4 Qe7 20. Bc5 Nxc5 21. bxc5 h5
22. g5 Ne4 23. Nxe4 Bxe4 24. f3 Bf5 25. Qe3 Rc8 26. b3 Ra3 27. f4 Qa7 28. Rf3 a5
29. Qd4 b4 30. Re3 Ra2 31. Rf3 Rc2 32. Rff1 Qxc5 33. Qxc5 R8xc5 34. Rxc2 Bxc2
35. Rc1 a4 36. bxa4 b3 0-1

[Event "50th World Juniors"]
[Site "Chennai IND"]
[Date "2011.08.04"]
[Round "3.25"]
[White "Karma, Pandya"]
[Black "Pap, Gyula"]
[Result "0-1"]
[BlackTitle "GM"]
[WhiteElo "2136"]
[BlackElo "2513"]
[WhiteFideId "5030331"]
[BlackFideId "725323"]
[EventDate "2011.08.02"]

1. e4 e6 2. d4 d5 3. Nc3 Nf6 4. Bg5 Bb4 5. exd5 Qxd5 6. Bxf6 Bxc3+ 7. bxc3 gxf6
8. Qd2 Qe4+ 9. Ne2 Bd7 10. f3 Qh4+ 11. g3 Qg5 12. Bg2 Bc6 13. c4 Qxd2+ 14. Kxd2
Nd7 15. Rhg1 O-O-O 16. f4 Bxg2 17. Rxg2 Nc5 18. c3 Ne4+ 19. Kd3 f5 20. Rag1 h5
21. h3 Rd6 22. Nc1 Ra6 23. Nb3 Ra3 24. Rc2 c5 25. Re1 cxd4 26. cxd4 a5 27. Rxe4
fxe4+ 28. Kxe4 a4 29. Nc5 b6 30. Na6 Rxg3 31. c5 Rd8 32. cxb6+ Kb7 33. Nc5+ Kxb6
34. Nxa4+ Ka5 35. Nc5 Rd5 36. f5 Rxf5 37. Rb2 Rc3 38. a4 Rfxc5 39. dxc5 Rc4+ 40.
Kd3 Rxc5 41. Rb7 Rf5 42. Ra7+ Kb6 43. Ra8 Ra5 0-1

[Event "50th World Juniors"]
[Site "Chennai IND"]
[Date "2011.08.04"]
[Round "3.26"]
[White "Krejci, Jan2"]
[Black "Dusthageer, Ibrahim M."]
[Result "1-0"]
[WhiteTitle "IM"]
[WhiteElo "2503"]
[BlackElo "2212"]
[WhiteFideId "322156"]
[BlackFideId "5028515"]
[EventDate "2011.08.02"]

1. d4 Nf6 2. c4 e6 3. Nc3 Bb4 4. e3 O-O 5. Bd3 d5 6. Nf3 c5 7. O-O Nbd7 8. a3
Bxc3 9. bxc3 b6 10. cxd5 exd5 11. a4 c4 12. Bc2 Re8 13. Nd2 Nf8 14. Re1 Bg4 15.
f3 Bh5 16. Ba3 Ne4 17. Qc1 Nxd2 18. Qxd2 Bg6 19. e4 Qh4 20. e5 Ne6 21. Bxg6 hxg6
22. Bd6 Nd8 23. g3 Qh3 24. Qb2 Nb7 25. Bb4 Qd7 26. Reb1 Re6 27. Kg2 Qd8 28. h4
Qc7 29. Rh1 Qc6 30. Qc2 Rae8 31. f4 Nd8 32. h5 f5 33. hxg6 Rxg6 34. Qxf5 Nf7 35.
a5 Nh6 36. Qh5 Qe6 37. axb6 axb6 38. Ra7 Rd8 39. Kf3 Rc8 40. Rh4 Qe8 41. f5 Rgc6
42. Qxe8+ Rxe8 43. g4 Nf7 44. Rh5 g6 45. e6 1-0

[Event "50th World Juniors"]
[Site "Chennai IND"]
[Date "2011.08.04"]
[Round "3.27"]
[White "Vaibhav, Suri"]
[Black "Gusain, Himal"]
[Result "1/2-1/2"]
[WhiteTitle "IM"]
[WhiteElo "2430"]
[BlackElo "2208"]
[WhiteFideId "5045185"]
[BlackFideId "5033861"]
[EventDate "2011.08.02"]

1. e4 c5 2. Nf3 e6 3. d4 cxd4 4. Nxd4 a6 5. Bd3 Ne7 6. O-O Nbc6 7. Nb3 g6 8. c4
Bg7 9. Nc3 O-O 10. Be2 d6 11. Bf4 Ne5 12. Qd2 Qc7 13. Rfd1 Rd8 14. c5 d5 15. Na4
Bd7 16. Nb6 Rab8 17. exd5 Nxd5 18. Nxd5 exd5 19. Rac1 Ba4 20. Qe3 Bxb3 21. Qxb3
d4 22. Qg3 Qe7 23. b4 Rd7 24. Bd3 Re8 25. a4 Nxd3 26. Qxd3 Be5 27. Bd2 Qd8 28.
c6 Rde7 29. Bg5 f6 30. Bd2 Qb8 31. g3 Re6 32. b5 axb5 33. axb5 bxc6 34. bxc6 Qc7
35. Qc4 Kg7 36. Re1 Qc8 37. c7 R6e7 38. Ba5 g5 39. Red1 Rd7 40. Rb1 Bxc7 41.
Rbc1 Ree7 42. Bb4 Rf7 43. Rxd4 Rxd4 44. Qxd4 Be5 45. Qe3 Rc7 46. Re1 Rc4 47. Bd2
Qf5 48. Qa7+ Rc7 49. Qa5 Rd7 50. Bc3 Re7 51. Qc5 Rc7 52. Rxe5 Rxc5 53. Rxf5 Rxf5
54. Kg2 Rd5 55. Bb2 Kf7 56. g4 f5 57. gxf5 Rxf5 58. Kg3 Kg6 59. Bc1 h5 60. h3
Rd5 61. Be3 Kf5 62. Kf3 Rd3 63. Ke2 Ra3 64. Kf3 Rb3 65. Kg2 Rb2 66. Kf3 h4 67.
Bc1 Ra2 68. Be3 Rc2 69. Bd4 Rc4 70. Be3 g4+ 71. Kg2 Rc2 72. hxg4+ Kxg4 73. Bd4
h3+ 1/2-1/2

[Event "50th World Juniors"]
[Site "Chennai IND"]
[Date "2011.08.04"]
[Round "3.28"]
[White "Kathmale, Sameer"]
[Black "Anwesh, Upadhyaya"]
[Result "0-1"]
[BlackTitle "IM"]
[WhiteElo "2211"]
[BlackElo "2429"]
[WhiteFideId "5024498"]
[BlackFideId "5028949"]
[EventDate "2011.08.02"]

1. e4 e5 2. d4 exd4 3. Qxd4 Nc6 4. Qe3 Nf6 5. Bd2 Bb4 6. Nc3 O-O 7. O-O-O Re8 8.
Qg3 Rxe4 9. a3 Ba5 10. f4 d5 11. Bd3 Re8 12. f5 Ne5 13. b4 Nxd3+ 14. cxd3 Bb6
15. Rf1 a5 16. b5 Bc5 17. h4 Bxa3+ 18. Kc2 d4 19. h5 Bd6 20. Bf4 Bxf4 21. Rxf4
dxc3 22. h6 g6 23. fxg6 fxg6 24. Qf2 Bf5 25. Rxf5 gxf5 26. Qxf5 Qd5 0-1

[Event "50th World Juniors"]
[Site "Chennai IND"]
[Date "2011.08.04"]
[Round "3.29"]
[White "Ramnath, Bhuvanesh R"]
[Black "Gahan, M.G."]
[Result "1-0"]
[WhiteTitle "IM"]
[WhiteElo "2422"]
[BlackElo "2188"]
[WhiteFideId "5026598"]
[BlackFideId "5027373"]
[EventDate "2011.08.02"]

1. e4 c5 2. Nf3 d6 3. Bc4 e6 4. O-O Nf6 5. Re1 Be7 6. c3 Qc7 7. d3 O-O 8. Bb3 b5
9. Nbd2 Bb7 10. Bc2 Nc6 11. a3 Rfc8 12. Bb1 a5 13. d4 b4 14. dxc5 dxc5 15. e5
bxc3 16. bxc3 Nd5 17. Qc2 g6 18. Nc4 Nb6 19. Nxb6 Qxb6 20. Ba2 Qc7 21. Qe2 Bf8
22. h4 Ne7 23. h5 c4 24. Bb1 Bg7 25. Bg5 Nd5 26. Qd2 a4 27. Be4 Qc5 28. Bh6 Rd8
29. Qg5 Qf8 30. Bxg7 Qxg7 31. h6 Qf8 32. Nh2 Rd7 33. Ng4 Qe7 34. Qxe7 Rxe7 35.
Bxd5 exd5 36. Nf6+ Kh8 37. f4 Bc6 38. Rab1 Rb7 39. Rxb7 Bxb7 40. Rb1 Bc6 41. Kf2
Rc8 42. g3 d4 43. cxd4 c3 44. Rc1 Bb5 45. Ne4 Ra8 1-0